000 00697nam a2200277Ia 4500
005 20260324124909.0
008 008 260324s9999 xx 000 0 eng d
020 _a9780203027929
037 _aEBOOK
040 _aCRL
040 _beng
040 _cCRL
041 _2eng
041 _aeng
084 _qCRL
100 _aRaoul Motika; Stefan Reichmuth; Michael Kemper
_91175913
245 0 _aIslamic Education in the Soviet Union and Its Successor States
260 _bTaylor and Francis
260 _c2009
365 _a
365 _b265
856 _uhttp://www.taylorfrancis.com/books/9780203027929
942 _cEBOOK
999 _c1770705
_d1770705